000 00801nam a2200205 4500
001 140488
003 ES-MaACL
005 20230906200104.0
007 t|
008 070214s1905 sp r ||||1| fre d
100 1 _aSchyrgens, Martín.
_9104922
245 1 3 _aLa langue française
_b: conference á propos de reformes comenties par l'Academie Française... /
_cMartín Schyrgens.
260 _aMahon :
_b[s.n.],
_c1905 (
_fFábregues y Ribé)
300 _a34 p. ;
_c21 cm.
490 1 _aPrecede al tít.: Athenée Scientifique et Artistique de Mahon (Minorque
710 2 _aAteneo Científico, Literario y Artístico de Mahón.
_9141489
830 0 _aPrecede al tít.: Athenée Scientifique et Artistique de Mahon (Minorque
_9220330
852 _aES-MaACL
_jT-1056-F-8
999 _c140488
_d140488